000 nam a22 7a 4500
999 _c29234
_d29233
003 OSt
005 20170611221633.0
008 170611b xxu||||| |||| 00| 0 eng d
020 _a0735710643
040 _aMMU
_beng
_cMMU
_dMMU
050 _aQA76.9.D3B474 2001
100 _aDb Berkeley
245 _asleepycat software
_cBerkeley Db
260 _aLondon:
_bNew riders,
_c2001.
300 _axix664 p,;
942 _2lcc
_cLOAN LOAN